000 00925nam a2200205 a 4500
003 0
005 20250507091105.0
008 050808s19uu xx 00 eng d
050 _aPHS HQ 76.27.A37
_b.K35 2005
100 _aKaliski, Nicklas D.
245 _aThe Perceptions of heterosexual male fourth year high school students of Theresiana Chinese school on the discrimination of male homosexual /
_cNicklas D. Kaliski.
260 _aLas PiƱas City, Philippines :
_bSouthville International School and Colleges,
_c2005.
300 _aunnumbered pages :
_billustrations ;
_c28 cm.
504 _aIncludes bibliographical references.
650 _2Library of Congress Subject Headings
_aHomosexuality
_xSocial aspects
_zPhilippines.
650 _2Library of Congress Subject Headings
_aMale homosexuality
_xDiscrimination.
650 _aDiscrimination against homosexuals
_zPhilippines.
942 _2lcc
_cPASS
999 _c97248
_d97248